| 000 | 02454nam0a2200409 i 4500 | ||
|---|---|---|---|
| 001 | RU\NLR\BIBL_A\010750329 | ||
| 005 | 20260405153453.0 | ||
| 010 |
_a9785933822363 _9500 |
||
| 021 |
_aRU _b2015-22605 _91346 |
||
| 035 | _a(NILC)RuMoRGB-007897618 | ||
| 035 | _a(NLR Aleph) 010750329 | ||
| 090 |
_a9938260 _c9938260 |
||
| 100 | _a20150512d2014 km y0rusy50 ca | ||
| 101 | 0 | _arus | |
| 102 | _aRU | ||
| 105 | _aa|||z||||01yy | ||
| 200 | 1 |
_aПриродные биологически активные вещества в сельском хозяйстве _eмонография _f[Гагарина И. Н. , доц., к. с.-х. н., Гаврилова А. Ю., преп., к. б. н., Прудникова Е. Г., доц., к. с.-х. н., Хилкова Н. Л., доц., к. х. н.] _gМ-во сел. хоз-ва РФ, Федеральное гос. бюджетное образовательное учреждение высшего проф. образования "Орловский гос. аграрный ун-т" |
|
| 210 |
_aОрел _cИзд-во Орел ГАУ _d2014 |
||
| 215 |
_a154 с. _cил. _d20 |
||
| 300 | _aАвт. указаны на обороте тит. л. | ||
| 320 | _aБиблиогр.: с. 148-154 (91 назв.) | ||
| 606 | 1 |
_aСельскохозяйственные растения _xУстойчивость к болезням и вредителям _xВлияние иммуномодуляторов _92207190 _3RU\NLR\AUTH\6601560372 |
|
| 606 |
_aБиологически активные вещества растений _92254587 _3RU\NLR\AUTH\661352167 |
||
| 686 | 1 | _aП415.8 | |
| 686 | 1 | _aП127.253.7 | |
| 701 | 1 |
_aГагарина _bИ. Н. _cканд. с.-х. наук _f1965- _gИрина Николаевна _9188001 _3RU\NLR\AUTH\770188052 |
|
| 701 | 1 |
_8rus _7ca _aГаврилова _bА. Ю. _cучитель биологии _gАнна Юрьевна _3RU\NLR\AUTH\7764487 _947416 |
|
| 701 | 1 |
_aПрудникова _bЕ. Г. _gЕлена Геннадьевна |
|
| 701 | 1 |
_aХилкова _bН. Л. _gНаталья Леонидовна |
|
| 712 | 0 | 2 |
_4475 _aОрловский государственный аграрный университет _9846838 _3RU\NLR\AUTH\880590601 |
| 801 | 0 |
_aRU _bРГБ _c20150325 _gRCR |
|
| 801 | 1 |
_aRU _bРГБ _c20150325 _2rusmarc |
|
| 942 | _cBOOK | ||
| 980 | _aNBR | ||